| 000 | 00328nam a22001217a 4500 | ||
|---|---|---|---|
| 040 | _cNust | ||
| 082 |
_a621.3 _bSEE |
||
| 100 |
_aS.Seely _9127595 |
||
| 245 | _aIntroduction to electromagnetic fields | ||
| 260 |
_aNew York: _bMcGraw Hill, _c1958. |
||
| 650 |
_aIntroduction to electromagnetic fields _9127421 |
||
| 942 |
_2ddc _cBK |
||
| 999 |
_c612676 _d612676 |
||